000
00230 a2200085 4500
020
_a
9788195320875
100
_a
VIRENDRA KUMAR PAUL
245
_a
TECHNO-MANAGERIAL APPROACH TO BUILDING REHABILITATION
260
_b
COPAL PUBLISHING GROUP
999
_c
13094
_d
13094